000 003440000a22001570004500
003 MACL
040 _aMACL
090 _c2055
_d2055
100 _aPoddar, chanda
245 _aSri Aurobindo And the Freedom of India
260 _bSri Aurobindo Ashram
_c1995
350 _a200
650 _aBiography
942 _cBOOK
_k920
951 _o920 BOOK
999 _c2040
_d2040